000 00523nam a22001817a 4500
005 20251108164056.0
008 250721s1995 xx 000 0 ara d
082 1 4 _a811.9563/بوذ
100 1 _aبوذينة، محمد
245 1 0 _aالعقيدة الرصافية و معارضاتها /
264 1 _aتونس :
_bالمؤلف،
_c1995.
300 _a172ص
490 0 _aسلسلة من غرر الشعرى ؛14
650 1 7 _aالشعر العربي
650 1 7 _aالعراق
942 _2ddc
_cBK
999 _c2990
_d2990